Statistics for Languages taught at the University of Bristol

Click here to take the quiz!

General Stats

  • This quiz has been taken 37 times
  • The average score is 10 of 12

Answer Stats

Answer% Correct
French
100%
German
100%
Russian
100%
Spanish
100%
Italian
97%
ModuleMandarin
97%
Portuguese
97%
ModuleKorean
94%
ModuleJapanese
91%
ModuleArabic
88%
ModuleCatalan
16%
ModuleCzech
13%

Score Distribution

Percentile by Number Answered

Percent of People with Each Score

Your Score History

You have not taken this quiz